[Event "Wch U12 blitz"]
[Site "Minsk"]
[Date "2018.06.24"]
[Round "5"]
[White "Nejatpour, Soshiyant"]
[Black "Daneshvar, Bardiya"]
[Result "0-1"]
[WhiteElo "1847"]
[BlackElo "2267"]
[PlyCount "136"]
[EventDate "2018.06.24"]
[EventType "swiss (blitz)"]
[EventRounds "9"]
[EventCountry "BLR"]
[SourceTitle "EXT 2019"]
[Source "ChessBase"]
[SourceDate "2018.10.10"]
[SourceVersion "1"]
[SourceVersionDate "2018.10.10"]
[SourceQuality "1"]

1. d4 Nf6 2. Nf3 g6 3. g3 Bg7 4. Bg2 d5 5. b3 c5 6. Bb2 Ne4 7. 0-0 Nc6 8. e3 0-0 9. Nbd2 Bg4 10. h3 Bf5 11. g4 Nxd2 12. Qxd2 Be4 13. c3 cxd4 14. cxd4 f5 15. g5 e6 16. h4 h6 17. Qe2 Bxf3 18. Qxf3 hxg5 19. Qg3 gxh4 20. Qxg6 Rf6 21. Qg5 Rh6 22. Qxd8+ Rxd8 23. Bh3 Bf8 24. Kh1 Bd6 25. Rg1+ Kf7 26. Rg2 Rg8 27. Rag1 Rhg6 28. Rxg6 Rxg6 29. Rxg6 Kxg6 30. Kg2 Nb4 31. a4 Nd3 32. Bc3 Bb4 33. Bxb4 Nxb4 34. Kf3 Nd3 35. Bf1 Nc1 36. b4 Na2 37. b5 Nc3 38. a5 b6 39. axb6 axb6 40. Kf4 Kf6 41. f3 h3 42. Kg3 Nd1 43. e4 fxe4 44. fxe4 dxe4 45. Kxh3 Ne3 46. Be2 Nf5 47. Kg4 Nxd4 48. Bc4 e3 49. Kg3 e5 50. Bd3 Ke6 51. Be4 Kd6 52. Bd3 Kc5 53. Kg2 Kb4 54. Kf1 Kc3 55. Be4 Kd2 56. Kg2 e2 57. Bd3 Kxd3 58. Kf2 Kd2 59. Kg2 Nxb5 60. Kf3 e1Q 61. Kg4 Qf2 62. Kh3 Qf4 63. Kg2 Nd4 64. Kh3 Qg5 65. Kh2 e4 66. Kh3 Ne2 67. Kh2 Qg3+ 68. Kh1 Qg1# 0-1

[Event "Wch U12 rapid"]
[Site "Minsk"]
[Date "2018.06.23"]
[Round "5"]
[White "Nejatpour, Soshiyant"]
[Black "Safin, Robert"]
[Result "1/2-1/2"]
[WhiteElo "1697"]
[BlackElo "2024"]
[PlyCount "187"]
[EventDate "2018.06.22"]
[EventType "swiss (rapid)"]
[EventRounds "9"]
[EventCountry "BLR"]
[SourceTitle "EXT 2019"]
[Source "ChessBase"]
[SourceDate "2018.10.10"]
[SourceVersion "1"]
[SourceVersionDate "2018.10.10"]
[SourceQuality "1"]

1. Nf3 Nf6 2. d4 g6 3. g3 Bg7 4. Bg2 d6 5. b3 0-0 6. Bb2 c5 7. 0-0 Nc6 8. Qc1 Bf5 9. Nh4 Bg4 10. e3 cxd4 11. exd4 Qc7 12. Qd2 e5 13. Na3 Nxd4 14. Bxd4 exd4 15. Nb5 Qc5 16. a4 Nd5 17. Bxd5 Qxd5 18. Nc7 Qc6 19. Nxa8 Rxa8 20. f3 Bh3 21. Rfc1 Rc8 22. Qd3 Bh6 23. Qxd4 Bg7 24. Qe3 Bxa1 25. Rxa1 Qxc2 26. Re1 Be6 27. Qxa7 Qxb3 28. Qd4 Qc3 29. Qxc3 Rxc3 30. Rd1 Rc4 31. Rxd6 Rxa4 32. Rb6 g5 33. Ng2 Ra1+ 34. Kf2 Ra2+ 35. Kg1 Bd5 36. Rb5 Bxf3 37. Rxg5+ Kf8 38. Nh4 Be4 39. Re5 Bc6 40. Rh5 Ra1+ 41. Kf2 Ra2+ 42. Kg1 Be4 43. Re5 Ra4 44. Nf5 Ra1+ 45. Kf2 Ra2+ 46. Kg1 Bc6 47. Nh4 Rc2 48. Rh5 Be4 49. Re5 Rc4 50. Kf2 f6 51. Re6 Kf7 52. Rb6 Bc6 53. Rb2 Be4 54. Ke3 Bc6 55. Nf5 Re4+ 56. Kd3 Re6 57. Nd4 Rd6 58. Kc3 Be4 59. Re2 f5 60. g4 Rd5 61. gxf5 Bxf5 62. Nxf5 Rxf5 63. Rb2 b5 64. Kd4 Rh5 65. Ke4 Kf6 66. Kf4 Rc5 67. Kg3 Ke5 68. Rb4 Kd6 69. Rh4 h5 70. Kf3 Kc6 71. Ke3 Kb6 72. Kd3 Ka5 73. Re4 Rg5 74. h4 Rf5 75. Kc3 Rc5+ 76. Kb3 Rf5 77. Kb2 Rf3 78. Re5 Ka4 79. Rxh5 Rf2+ 80. Kc3 b4+ 81. Kc4 Rc2+ 82. Kd3 Rc6 83. Rh8 b3 84. Ra8+ Kb4 85. h5 Rh6 86. Rb8+ Ka3 87. Ra8+ Kb2 88. Ra5 Rc6 89. Ke4 Kc1 90. Rb5 b2 91. Kf5 b1Q+ 92. Rxb1+ Kxb1 93. Kg5 Kc2 94. h6 1/2-1/2

[Event "Wch U10"]
[Site "Batumi"]
[Date "2016.10.21"]
[Round "3"]
[White "Sanikidze, Giorgi"]
[Black "Nejatpour, Soshiyant"]
[Result "0-1"]
[WhiteElo "1272"]
[BlackElo "1526"]
[PlyCount "104"]
[EventDate "2016.10.19"]
[EventType "swiss"]
[EventRounds "11"]
[EventCountry "GEO"]
[SourceTitle "CBM 175 Extra"]
[Source "ChessBase"]
[SourceDate "2016.12.12"]
[SourceVersion "1"]
[SourceVersionDate "2016.12.12"]
[SourceQuality "1"]

1. e4 c5 2. Nf3 e6 3. d4 cxd4 4. Nxd4 Nc6 5. Nc3 Qc7 6. Be2 a6 7. 0-0 Nf6 8. Be3 Bb4 9. Bf3 Ne5 10. Na4 Nxf3+ 11. Qxf3 b5 12. a3 Ba5 13. b4 bxa4 14. bxa5 Bb7 15. Qe2 Bxe4 16. f3 Bd5 17. Nf5 0-0 18. Ne7+ Kh8 19. Nxd5 Nxd5 20. Bd4 f6 21. c4 Nf4 22. Qd2 e5 23. Be3 Qxc4 24. Bxf4 Qxf4 25. Qxf4 exf4 26. Rfd1 Rad8 27. Rd6 Kg8 28. Rad1 Rfe8 29. R6d4 g5 30. Kf2 Re3 31. R1d3 Rde8 32. Rxe3 Rxe3 33. Rxa4 Kf8 34. g3 fxg3+ 35. hxg3 Re5 36. f4 Rf5 37. Kf3 gxf4 38. gxf4 Rb5 39. Ke4 h5 40. Kf3 Rb3+ 41. Kg2 Ke7 42. Re4+ Kd6 43. a4 Kc5 44. Re7 Rd3 45. Rh7 Rd5 46. Rh6 Rf5 47. Kf3 Kd6 48. Ke4 Ke6 49. Rh8 Rxa5 50. Ra8 Rxa4+ 51. Kf3 Kf5 52. Kg3 Ra3+ 0-1

[Event "Wch U10"]
[Site "Batumi"]
[Date "2016.10.20"]
[Round "2"]
[White "Nejatpour, Soshiyant"]
[Black "Davtyan, Arsen"]
[Result "0-1"]
[WhiteElo "1526"]
[BlackElo "1868"]
[PlyCount "41"]
[EventDate "2016.10.19"]
[EventType "swiss"]
[EventRounds "11"]
[EventCountry "GEO"]
[SourceTitle "CBM 175 Extra"]
[Source "ChessBase"]
[SourceDate "2016.12.12"]
[SourceVersion "1"]
[SourceVersionDate "2016.12.12"]
[SourceQuality "1"]

1. e4 c5 2. c3 Nf6 3. e5 Nd5 4. d4 cxd4 5. Nf3 e6 6. cxd4 d6 7. Nc3 Nxc3 8. bxc3 Qc7 9. Bd2 Nd7 10. exd6 Bxd6 11. Bd3 b6 12. Ng5 Nf6 13. Qf3 Rb8 14. Bb5+ Bd7 15. Qe2 Bf4 16. Kf1 Bxd2 17. Qxd2 h6 18. Nh3 Ne4 19. Qf4 Qxf4 20. Nxf4 Nxc3 21. Bd3 0-1

[Event "Mashhad Ferdowsi op 6th"]
[Site "Mashhad"]
[Date "2016.01.29"]
[Round "1"]
[White "Guseinov, Gadir"]
[Black "Nejatpour, Soshiyant"]
[Result "1-0"]
[WhiteElo "2646"]
[BlackElo "1536"]
[PlyCount "51"]
[EventDate "2016.01.29"]
[EventType "swiss"]
[EventRounds "9"]
[EventCountry "IRI"]
[SourceTitle "CBM 170 Extra"]
[Source "ChessBase"]
[SourceDate "2016.02.25"]
[SourceVersion "1"]
[SourceVersionDate "2016.02.25"]
[SourceQuality "1"]

1. e4 d5 2. exd5 Nf6 3. Nf3 Nxd5 4. c4 Nb6 5. Nc3 g6 6. c5 Nd5 7. Bc4 Nxc3 8. Qb3 e6 9. Qxc3 Rg8 10. d4 Bg7 11. Bg5 Bf6 12. Bxf6 Qxf6 13. 0-0-0 Bd7 14. Rhe1 Qf4+ 15. Kb1 Qf5+ 16. Ka1 Bc6 17. d5 Bd7 18. dxe6 Bxe6 19. Nd4 Qf6 20. Bxe6 fxe6 21. Rxe6+ Qxe6 22. Nxe6 Na6 23. Qe5 Kf7 24. Rd7+ Ke8 25. Nf8+ Kxf8 26. Qe7# 1-0